00926 2200301 4500001002100000005001500021035002000036007000300056008004100059020002200100082001400122084001600136100004100152245011000193250003400303300003200337650001600369504003300385264003200418336002100450337003000471338002300501040002200524090002200546850001200568999002200580990002200602INLIS00000000087847420230515113940 a0010-0523000351ta230515t2022 yoi g ind d a978-623-02-4062-104223a407.2 a407.2 MUH s0 aMuhammad Ari Kunto WibowoePengarang10aStilistika bahasa serat wulang reh :bteori, metode, dan aplikasi pembahasan /cMuhammad Ari Kunto Wibowo aCetakan pertama: Januari 2022 axviii, 427 halaman ;c20 cm 4aGaya sastra aBibliografi: halaman 420-42531aSleman :bDeepublish,c2022 2rdacontentateks 2rdamediaatanpa perantara 2rdacarrieravolume aYOPDYOGbinderda aCB-D.11 2022-3416 aYOPDYOG aCB-D.11/2022-3416 aCB-D.11/2022-3416